[Event "Jerusalem Israel op"]
[Site "Jerusalem"]
[Date "2019.12.20"]
[Round "8"]
[White "Levitan, Ronit"]
[Black "Zak, Arad"]
[Result "0-1"]
[WhiteElo "1876"]
[BlackElo "2076"]
[PlyCount "108"]
[EventDate "2019.12.12"]
[EventType "swiss"]
[EventRounds "9"]
[EventCountry "ISR"]
[SourceTitle "CBM 193 Extra"]
[Source "ChessBase"]
[SourceDate "2020.01.31"]
[SourceVersion "1"]
[SourceVersionDate "2020.01.31"]
[SourceQuality "1"]

1. e4 Nf6 2. e5 Nd5 3. d4 d6 4. Nf3 dxe5 5. Nxe5 c6 6. Be2 Bf5 7. a3 Nd7 8. Nf3 Qc7 9. 0-0 e6 10. c4 Nf4 11. Nc3 Nf6 12. Ne5 Nxe2+ 13. Nxe2 Bd6 14. Ng3 Bg6 15. Bf4 Nd7 16. Nxg6 hxg6 17. Bxd6 Qxd6 18. Re1 Nf6 19. h3 Rh4 20. Qb3 0-0-0 21. c5 Qd5 22. Qxd5 Nxd5 23. Ne4 Rd7 24. Rad1 Kd8 25. Nd6 Nf6 26. Rd3 Ne8 27. Nxe8 Kxe8 28. g4 Ke7 29. Kg2 Rh8 30. f4 Rhd8 31. Red1 Rd5 32. Kf3 g5 33. fxg5 Rxg5 34. Rb3 Rd7 35. h4 Rgd5 36. g5 Kd8 37. Ke4 Kc7 38. Rbd3 Kd8 39. Rb3 Ke7 40. Rbd3 f5+ 41. gxf6+ gxf6 42. Rh1 e5 43. h5 Rxd4+ 44. Rxd4 Rxd4+ 45. Ke3 Rd8 46. Rg1 Kf7 47. h6 Rg8 48. Rd1 Ke7 49. Ke4 Rg4+ 50. Kf5 Rg5+ 51. Ke4 Rh5 52. Rg1 Rxh6 53. Rg7+ Ke6 54. Rxb7 Rh3 0-1

[Event "Jerusalem Israel op"]
[Site "Jerusalem"]
[Date "2019.12.16"]
[Round "4"]
[White "Tifferet, Shaked"]
[Black "Zak, Arad"]
[Result "1-0"]
[WhiteElo "2232"]
[BlackElo "2076"]
[PlyCount "51"]
[EventDate "2019.12.12"]
[EventType "swiss"]
[EventRounds "9"]
[EventCountry "ISR"]
[SourceTitle "CBM 193 Extra"]
[Source "ChessBase"]
[SourceDate "2020.01.31"]
[SourceVersion "1"]
[SourceVersionDate "2020.01.31"]
[SourceQuality "1"]

1. Nf3 Nf6 2. g3 g6 3. Bg2 Bg7 4. d4 0-0 5. c4 d6 6. Nc3 Nc6 7. 0-0 Re8 8. d5 Na5 9. Nd2 c5 10. a3 b6 11. b4 Nb7 12. Bb2 Rb8 13. Qc2 cxb4 14. axb4 a5 15. Nb5 axb4 16. Ra7 Bd7 17. Nd4 Qc8 18. Nc6 Na5 19. Bxf6 Bxf6 20. Nxb8 Bf5 21. e4 b3 22. Nxb3 Nxb3 23. Nc6 Nd4 24. Nxd4 Bxd4 25. exf5 b5 26. Ra2 1-0

[Event "Jerusalem Japhet Memorial op"]
[Site "Jerusalem"]
[Date "2013.08.07"]
[Round "4"]
[White "Zak, Arad"]
[Black "Gorodetzky, David"]
[Result "1-0"]
[WhiteElo "2100"]
[BlackElo "1930"]
[PlyCount "61"]
[EventDate "2013.08.04"]
[EventType "swiss"]
[EventRounds "5"]
[EventCountry "ISR"]
[SourceTitle "EXT 2019"]
[Source "ChessBase"]
[SourceDate "2018.10.10"]
[SourceVersion "1"]
[SourceVersionDate "2018.10.10"]
[SourceQuality "1"]

1. e4 e6 2. d3 d5 3. Qe2 Nf6 4. Nf3 b6 5. g3 Bb7 6. Nbd2 Be7 7. Bg2 0-0 8. 0-0 c5 9. e5 Nfd7 10. c4 d4 11. Re1 Nc6 12. h4 Qc7 13. Nf1 Rae8 14. Bf4 b5 15. b3 bxc4 16. bxc4 Nb6 17. Ng5 Bxg5 18. hxg5 Ne7 19. Nh2 Bxg2 20. Kxg2 Qb7+ 21. Kg1 Ng6 22. Qh5 Kh8 23. Re4 Nxc4 24. Nf3 f5 25. gxf6 gxf6 26. exf6 Rxf6 27. Ng5 Nb6 28. Be5 Nd5 29. Rh4 Kg8 30. Re1 Rf5 31. Qxg6+ 1-0

[Event "Jerusalem Japhet Memorial op"]
[Site "Jerusalem"]
[Date "2013.08.06"]
[Round "2"]
[White "Zak, Arad"]
[Black "Bakalchuk, Johnatan"]
[Result "0-1"]
[WhiteElo "2100"]
[BlackElo "2133"]
[PlyCount "74"]
[EventDate "2013.08.04"]
[EventType "swiss"]
[EventRounds "5"]
[EventCountry "ISR"]
[SourceTitle "EXT 2019"]
[Source "ChessBase"]
[SourceDate "2018.10.10"]
[SourceVersion "1"]
[SourceVersionDate "2018.10.10"]
[SourceQuality "1"]

1. e4 c5 2. Nc3 Nc6 3. f4 g6 4. Nf3 Bg7 5. Bb5 Nd4 6. 0-0 Nxb5 7. Nxb5 d5 8. exd5 a6 9. Nc3 Nf6 10. d4 c4 11. Qe2 b5 12. Re1 Bb7 13. Qe5 b4 14. Na4 Bxd5 15. Ng5 Nh5 16. Qe2 Bxd4+ 17. Kh1 0-0 18. c3 Qa5 19. cxd4 Qxa4 20. Bd2 Rac8 21. a3 bxa3 22. Rxa3 Qc2 23. Rxa6 c3 24. bxc3 Bc4 25. Qxe7 Bxa6 26. Bc1 Rce8 27. Qxe8 Rxe8 28. Rxe8+ Kg7 29. Re1 Bb7 30. Nf3 Bxf3 31. gxf3 Qf2 32. Rg1 Qxf3+ 33. Rg2 Qxc3 34. Bb2 Qe1+ 35. Rg1 Qe4+ 36. Rg2 Nxf4 37. d5+ Kg8 0-1

[Event "Jerusalem Japhet Memorial op"]
[Site "Jerusalem"]
[Date "2013.08.04"]
[Round "1"]
[White "Nakar, Eylon"]
[Black "Zak, Arad"]
[Result "0-1"]
[WhiteElo "2389"]
[BlackElo "2100"]
[PlyCount "96"]
[EventDate "2013.08.04"]
[EventType "swiss"]
[EventRounds "5"]
[EventCountry "ISR"]
[SourceTitle "EXT 2019"]
[Source "ChessBase"]
[SourceDate "2018.10.10"]
[SourceVersion "1"]
[SourceVersionDate "2018.10.10"]
[SourceQuality "1"]

1. e4 c5 2. Nf3 d6 3. d4 cxd4 4. Nxd4 Nf6 5. Nc3 a6 6. h3 e5 7. Nde2 Be6 8. g4 Be7 9. Bg2 0-0 10. g5 Ne8 11. h4 Bg4 12. Be3 Nd7 13. 0-0 Nc7 14. Qd2 f6 15. f3 Be6 16. b3 Rc8 17. f4 Bf7 18. f5 b5 19. Ng3 Nc5 20. a3 a5 21. Rfd1 N5a6 22. Bf1 Qd7 23. a4 b4 24. Nb5 Rfd8 25. Na7 Ra8 26. Qf2 Bf8 27. Bb5 Nxb5 28. axb5 Nc7 29. b6 Nb5 30. Rxa5 Nc3 31. Rd2 Qb7 32. Qg2 d5 33. exd5 Bxd5 34. Qf2 Ne4 35. Nxe4 Bxe4 36. Ra1 Rxd2 37. Qxd2 Bxf5 38. Rf1 Bh3 39. Rd1 Rd8 40. gxf6 Rxd2 41. Rxd2 Qf3 42. f7+ Kh8 43. Bg5 h6 44. b7 Qxb7 45. Kh2 hxg5 46. Kxh3 Qf3+ 47. Kh2 Qb7 48. Kh3 Qf3+ 0-1